Illangaiyil Uyarkalvi: (Record no. 6023)
[ view plain ]
| 000 -LEADER | |
|---|---|
| fixed length control field | 00449nam a22001457a 4500 |
| 005 - DATE AND TIME OF LATEST TRANSACTION | |
| control field | 20250422071801.0 |
| 008 - FIXED-LENGTH DATA ELEMENTS--GENERAL INFORMATION | |
| fixed length control field | 250422b |||||||| |||| 00| 0 eng d |
| 020 ## - INTERNATIONAL STANDARD BOOK NUMBER | |
| ISBN | 9789551810085 |
| 082 ## - DDC Classification | |
| Class No. | 6913 |
| Item Number - Author Mark | ILL |
| DDC Edition Number | 22 |
| 245 ## - TITLE STATEMENT | |
| Title | Illangaiyil Uyarkalvi: |
| Remainder of title | Palkalaikalaga Kalviyin Varalarchchium Pirachanakalum |
| 260 ## - PUBLICATION, DISTRIBUTION, ETC. | |
| Place of publication, distribution, etc. | Colombo |
| Name of publisher, distributor, etc. | Chemamadu Pathippakam |
| Date of publication, distribution, etc. | 2009 |
| 300 ## - PHYSICAL DESCRIPTION | |
| Extent (e.g. Volumes, Pages etc.) | 112 p ., |
| 500 ## - GENERAL NOTE | |
| General note | Kalviyin Valarchium Prachanaikalum Patriyathu |
| 942 ## - Koha item type (Biblio) | |
| Koha item type | Books in Stacks (Lending) |
No items available.
